| 000 | 00401nam a2200157Ia 4500 | ||
|---|---|---|---|
| 008 | 180423s9999 xx 000 0 und d | ||
| 040 | _aPK-NaQUE | ||
| 100 | _a12ME111 | ||
| 100 | _aSarwan Ali Baloch | ||
| 245 | 0 | _aAerodynsmic Analysis of Two Cars Using wind Tunnel | |
| 260 | _aNawabshah | ||
| 260 | _bQUEST | ||
| 260 | _c2012 | ||
| 300 | _a51 | ||
| 700 | _aDepartment of Mechanical Engineering | ||
| 999 |
_c58532 _d58529 |
||